Detekcia bid-rigging karelov kombináciou skríningu štatistických metód s technikami strojového učenia
Opis metód a ich kombinácií na odhaľovanie nedovolených dohôd kartelov zameraných na vyrovnávanie ponúk. Kombinácia skríningu na základe štatistických metód s technikami strojového učenia, ktoré pozostávajú z Lasso regresie, rozhodovacích stromov, náhodných lesov a neurónových sietí. Kombinácia tých...
Guardado en:
| Autor principal: | |
|---|---|
| Formato: | Capítulo de libro |
| Lenguaje: | eslovaco |
| Materias: | |
| Etiquetas: |
Sin Etiquetas, Sea el primero en etiquetar este registro!
|
MARC
| LEADER | 00000naa$a2200000$$$4500 | ||
|---|---|---|---|
| 001 | 0269311 | ||
| 005 | 20240502074223.2 | ||
| 041 | 0 | |a slo | |
| 044 | |a SK | ||
| 245 | 1 | 0 | |a Detekcia bid-rigging karelov kombináciou skríningu štatistických metód s technikami strojového učenia |c Mária Michňová |
| 520 | |a Opis metód a ich kombinácií na odhaľovanie nedovolených dohôd kartelov zameraných na vyrovnávanie ponúk. Kombinácia skríningu na základe štatistických metód s technikami strojového učenia, ktoré pozostávajú z Lasso regresie, rozhodovacích stromov, náhodných lesov a neurónových sietí. Kombinácia týchto metód prináša dostatočnú presnosť, efektívnosť a nenáročnosť na implementáciu a realizáciu pre agentúry pre hospodársku súťaž. | ||
| 610 | 2 | 0 | |a metódy štatistické |
| 610 | 2 | 0 | |a regresia |
| 610 | 2 | 0 | |a siete neurónové |
| 610 | 2 | 0 | |a súťaž hospodárska |
| 610 | 2 | 0 | |a kartely |
| 610 | 2 | 0 | |a obstarávanie verejné |
| 100 | 1 | |a Michňová, Mária, 1996- | |